000 00591nam a2200181Ia 4500
008 151018s9999 xx 000 0 und d
082 _bRBASDV3833
_a891.463
100 _aगो वि चिपळूणकर
245 _aगरुडाची गोष्ट
250 _b4
260 _bदा त्र्य जोशी
_c1956
300 _a35
600 _aगो वि चिपळूणकर
630 _aगरुडाची गोष्ट
700 _aगो वि चिपळूणकर
730 _aगरुडाची गोष्ट
942 _cBOOK
999 _c1006235
_d1006232